000 00628nam a2200193Ia 4500
003 GCL
008 140319s9999 xx 000 0 ara d
040 _aGCL /
_cGCL
082 0 4 _a372.7
_bم ت
100 1 _aمجدى عزيز ابراهيم
245 1 0 _aتدريس الرياضيات فى التعليم قبل الجماعى /
_cمجدى عزيز ابراهيم
260 _a[S.N] :
_bمكتبة النهضة المصرية ،
_c1985
300 _a373 ص
490 _a
650 0 4 _aطرق التدريس
650 0 4 _aالرياضيات
650 0 4 _aالرياضيات - تعليم وتدريس
942 _2ddc
_cBK
999 _c28649
_d28649